[Event "EYCC 2017"]
[Site "Mamaia"]
[Date "2017.09.08"]
[Round "4"]
[White "Salemgareev, Tagir"]
[Black "Hakobyan, Aram"]
[Result "1/2-1/2"]
[WhiteElo "2354"]
[BlackElo "2472"]
[Annotator "TA"]
[PlyCount "86"]
[EventDate "2017.??.??"]
[EventType "swiss"]
[EventCountry "ROU"]
[SourceTitle "playchess.com"]
[Source "ChessBase"]
[SourceQuality "1"]

{[%evp 16,86,11,0,6,0,12,-35,0,0,18,0,13,-15,-3,-82,-82,-69,0,0,0,0,-35,-19,37,-47,-49,-47,-47,-47,-52,-57,-55,-50,408,-50,-56,-51,-56,-63,-64,-59,-54,-51,-46,-46,-30,-53,-23,-26,0,-50,-45,-43,-43,-33,-37,-39,-37,-27,-25,-88,0,0,0,0,0,0,0,0,20,0,0]} 1. d4 Nf6 2. c4 e6 3. Nf3 b6 4. a3 Bb7 5. Nc3 Bd6 6. d5 O-O 7. e4 {A50: Queen's Fianchetto Defence (1 d4 Nf6 2 c4 b6)} (7. g3 Ba6 8. dxe6 dxe6 9. Nb5 Bb7 10. Bg2 a6 11. Nxd6 cxd6 12. Bg5 Nc6 13. O-O Rc8 14. b4 h6 {1-0 (53) Gupta,A (2630)-Kotsur,P (2557) Dubai 2014}) 7... exd5 8. exd5 Re8+ 9. Be2 {LiveBook: 3 Games} c6 10. O-O Na6 11. Nd4 cxd5 12. cxd5 Nc5 13. Bg5 Be5 (13... h6 $5 {[%cal Rh6g5]} 14. Bh4 Nce4 $11) 14. Ndb5 $146 ({Predecessor:} 14. Ra2 Qb8 {0-1 (25) Andreasen,P (2230)-Pedersen,E (2410) Denmark 1988}) 14... Qb8 (14... a6 $5 {[%cal Ra6b5]} 15. f4 Bxc3 16. Nxc3 Qe7 $11) 15. d6 {[#]} (15. Bxf6 $11 {keeps the balance.} Bxf6 16. d6) 15... Nfe4 $1 $17 {[%cal Re4g5]} 16. Be7 a6 (16... Rxe7 $15 17. dxe7 Bxh2+ 18. Kh1 Qf4) 17. f4 $11 Bxc3 (17... Bxf4 $5 18. Rxf4 Rxe7 $15) 18. Nxc3 Nxc3 19. bxc3 Ne4 ({Better is} 19... b5 $11) 20. Qd4 {[#]} (20. Bf3 $14) 20... Nxd6 $1 $15 {[%mdl 512]} 21. Bxd6 (21. Qxd6 Qxd6) 21... Rxe2 22. Rf2 (22. Bxb8 {gets mated.} Rxg2+ 23. Kh1 Rg6+ 24. Qe4 Bxe4+ 25. Rf3 Bxf3#) 22... Qe8 $1 23. Qxb6 Re1+ 24. Rxe1 Qxe1+ 25. Rf1 Qe4 {[%csl Gb7][%cal Re4g2]} 26. Rf2 Re8 27. Be5 f6 28. Bd4 Bd5 {( -> ...Qe1+)} 29. h3 Qd3 30. Kh2 h6 31. Qb2 Re1 32. Qc2 Qb5 33. Qb2 (33. Bxf6 $5 gxf6 34. Qg6+ Kf8 35. Qxf6+ Bf7 36. Qxh6+ Ke8 37. Qh8+ Ke7 38. Qh4+ Ke8 39. Qh8+ Ke7 40. Qh4+ Ke8 41. Qh8+ $11) 33... Qc4 34. Qd2 Re8 35. Qb2 a5 {[%cal Ba6a5,Ba5a4][%mdl 32]} 36. Qb6 a4 37. Qb4 Qb3 38. Qc5 (38. Rb2 $1 $11 Qd1 39. Qb5) 38... Re1 (38... Bc6 $17) 39. Qc8+ $11 {The position is equal.} Kh7 {White must now prevent ...Qb1.} 40. Qxd7 {Strongly threatening Bxf6.} Be6 41. Qc7 {Hoping for Bxf6.} ({Reject} 41. Qe7 Qd1 $17) 41... Qd1 {...Rh1+ is the strong threat.} 42. f5 Rh1+ 43. Kg3 Bxf5 {Precision: White = 53%, Black = 52%.} 1/2-1/2

[Event "EYCC 2017"]
[Site "Mamaia"]
[Date "2017.09.08"]
[Round "4"]
[White "Balajayeva, Khanim"]
[Black "Hrib, Andrada-Ioana"]
[Result "1-0"]
[WhiteElo "2342"]
[BlackElo "1759"]
[Annotator "NA"]
[PlyCount "93"]
[EventDate "2017.??.??"]
[EventType "swiss"]
[EventCountry "ROU"]
[SourceTitle "playchess.com"]
[Source "ChessBase"]
[SourceQuality "1"]
[TimeControl "40/5400+30:1800+30"]

1. e4 {[%emt 0:00:00]} e6 {[%emt 0:00:07]} 2. d4 {[%emt 0:00:00]} d5 {[%emt 0:00:03]} 3. e5 {[%emt 0:00:00]} c5 {[%emt 0:00:10]} 4. c3 {[%emt 0:01:04]} Nc6 {[%emt 0:00:22]} 5. Nf3 {[%emt 0:00:05]} Bd7 {[%emt 0:06:57]} 6. Na3 {[%emt 0:02:21]} Nge7 {[%emt 0:17:27]} 7. Bg5 {[%emt 0:19:13]} a6 {[%emt 0:04:21]} 8. Nc2 {[%emt 0:08:56]} h6 {[%emt 0:01:25]} 9. Bd2 {[%emt 0:06:14]} cxd4 {[%emt 0:09:07]} 10. cxd4 {[%emt 0:00:18]} Qb6 {[%emt 0:00:52]} 11. Bd3 {[%emt 0:06:48]} Na5 {[%emt 0:09:35]} 12. Bxa5 {[%emt 0:23:13]} Qxa5+ {[%emt 0:00:07]} 13. Qd2 {[%emt 0:00:03]} Qxd2+ {[%emt 0:00:17]} 14. Kxd2 {[%emt 0:00:18]} Nc6 {[%emt 0:01:29]} 15. Rac1 {[%emt 0:01:53]} Rc8 {[%emt 0:03:11]} 16. Na1 {[%emt 0:04:22]} Bb4+ {[%emt 0:16:27]} 17. Ke3 {[%emt 0:00:58]} Ba5 {[%emt 0:01:33]} 18. Nb3 {[%emt 0:05:51]} Bb6 {[%emt 0:00:09]} 19. Nc5 {[%emt 0:01:57]} Rc7 {[%emt 0:03:12]} 20. a3 {[%emt 0:02:23]} Ke7 {[%emt 0:02:49]} 21. b4 {[%emt 0:00:17]} Rhc8 {[%emt 0:01:16]} 22. Rc2 {[%emt 0:07:56]} a5 {[%emt 0:11:19]} 23. Nxd7 {[%emt 0:01:25]} Kxd7 {[%emt 0:00:28]} 24. b5 {[%emt 0:01:32]} Ne7 {[%emt 0:02:09]} 25. Rhc1 {[%emt 0:00:35]} Rxc2 {[%emt 0:02:27]} 26. Rxc2 {[%emt 0:00:03]} Rxc2 {[%emt 0:00:00]} 27. Bxc2 {[%emt 0:00:02]} Nc8 {[%emt 0:01:43]} 28. Nd2 {[%emt 0:01:21]} Bd8 {[%emt 0:01:12]} 29. Nb3 {[%emt 0:00:58]} b6 {[%emt 0:00:48]} 30. f4 {[%emt 0:00:32]} g6 {[%emt 0:02:28]} 31. g4 {[%emt 0:00:56]} Ne7 {[%emt 0:00:30]} 32. Nd2 {[%emt 0:01:16]} Ng8 {[%emt 0:00:57]} 33. Nf1 {[%emt 0:01:03]} Be7 {[%emt 0:00:03]} 34. a4 {[%emt 0:00:05]} Ba3 {[%emt 0:00:51]} 35. Ng3 {[%emt 0:00:37]} Bc1+ {[%emt 0:00:29]} 36. Kf3 {[%emt 0:00:03]} Bb2 {[%emt 0:00:08]} 37. Ne2 {[%emt 0:00:05]} Ba3 {[%emt 0:00:52]} 38. f5 {[%emt 0:01:53]} gxf5 {[%emt 0:00:01]} 39. gxf5 {[%emt 0:00:04]} Ne7 {[%emt 0:00:59]} 40. f6 {[%emt 0:00:00]} Ng6 {[%emt 0:01:23]} 41. Kg4 {[%emt 0:02:39]} Bb2 {[%emt 0:07:35]} 42. Bxg6 {[%emt 0:10:51]} fxg6 {[%emt 0:00:02]} 43. Nf4 {[%emt 0:00:04]} Bxd4 {[%emt 0:04:09]} 44. f7 {[%emt 0:01:50]} Bc5 {[%emt 0:11:43]} 45. Nxg6 {[%emt 0:01:22]} d4 {[%emt 0:00:06]} 46. f8=Q {[%emt 0:01:15]} Bxf8 {[%emt 0:00:03]} 47. Nxf8+ {[%emt 0:00:06]} 1-0

[Event "EYCC 2017"]
[Site "Mamaia"]
[Date "2017.09.08"]
[Round "4"]
[White "Travadon, Loic"]
[Black "Trimitzios, Petros"]
[Result "0-1"]
[WhiteElo "2342"]
[BlackElo "2191"]
[Annotator "NA"]
[PlyCount "118"]
[EventDate "2017.??.??"]
[EventType "swiss"]
[EventCountry "ROU"]
[SourceTitle "playchess.com"]
[Source "ChessBase"]
[SourceQuality "1"]
[TimeControl "40/5400+30:1800+30"]

1. e4 {[%emt 0:00:00]} e5 {[%emt 0:00:25]} 2. Nf3 {[%emt 0:00:00]} Nc6 {[%emt 0:00:30]} 3. Bb5 {[%emt 0:00:00]} Nf6 {[%emt 0:00:41]} 4. d3 {[%emt 0:04:46]} Bc5 {[%emt 0:01:00]} 5. Nc3 {[%emt 0:01:47]} O-O {[%emt 0:04:42]} 6. Bg5 {[%emt 0:06:59]} a6 {[%emt 0:03:02]} 7. Ba4 {[%emt 0:02:00]} b5 {[%emt 0:05:35]} 8. Bb3 {[%emt 0:00:59]} Be7 {[%emt 0:00:07]} 9. O-O {[%emt 0:02:44]} d6 {[%emt 0:00:29]} 10. Re1 {[%emt 0:08:23]} Be6 {[%emt 0:05:07]} 11. Nd5 {[%emt 0:05:58]} Nxd5 {[%emt 0:11:00]} 12. exd5 {[%emt 0:01:06]} Bg4 {[%emt 0:00:02]} 13. Bxe7 {[%emt 0:02:47]} Nxe7 {[%emt 0:00:01]} 14. h3 {[%emt 0:00:27]} Bxf3 {[%emt 0:04:33]} 15. Qxf3 {[%emt 0:00:01]} Ng6 {[%emt 0:00:20]} 16. a4 {[%emt 0:06:02]} f5 {[%emt 0:05:08]} 17. axb5 {[%emt 0:02:19]} axb5 {[%emt 0:00:18]} 18. Rxa8 {[%emt 0:03:46]} Qxa8 {[%emt 0:00:10]} 19. Qg3 {[%emt 0:09:46]} Qa5 {[%emt 0:07:32]} 20. c3 {[%emt 0:05:03]} b4 {[%emt 0:07:19]} 21. c4 {[%emt 0:00:13]} Rf6 {[%emt 0:04:14]} 22. d4 {[%emt 0:02:13]} Qa7 {[%emt 0:04:54]} 23. dxe5 {[%emt 0:06:45]} Nxe5 {[%emt 0:03:28]} 24. Qe3 {[%emt 0:02:40]} Qxe3 {[%emt 0:02:23]} 25. Rxe3 {[%emt 0:00:14]} Rf8 {[%emt 0:01:20]} 26. c5 {[%emt 0:04:35]} Kf7 {[%emt 0:02:50]} 27. c6 {[%emt 0:01:46]} Ra8 {[%emt 0:04:38]} 28. f4 {[%emt 0:00:42]} Ng6 {[%emt 0:00:16]} 29. g3 {[%emt 0:00:22]} Ne7 {[%emt 0:03:51]} 30. Kf2 {[%emt 0:01:34]} Ng8 {[%emt 0:03:08]} 31. Bd1 {[%emt 0:05:33]} Ra5 {[%emt 0:01:08]} 32. Bf3 {[%emt 0:00:30]} Nf6 {[%emt 0:00:08]} 33. Rd3 {[%emt 0:00:08]} Rc5 {[%emt 0:04:03]} 34. Ke3 {[%emt 0:00:22]} Ke7 {[%emt 0:00:40]} 35. Kd4 {[%emt 0:00:52]} Rc2 {[%emt 0:02:53]} 36. Re3+ {[%emt 0:01:12]} Kd8 {[%emt 0:01:48]} 37. Re2 {[%emt 0:02:54]} Rc1 {[%emt 0:00:57]} 38. g4 {[%emt 0:03:39]} Rd1+ {[%emt 0:01:31]} 39. Kc4 {[%emt 0:00:19]} fxg4 {[%emt 0:00:10]} 40. hxg4 {[%emt 0:00:00]} Rf1 {[%emt 0:00:09]} 41. Re3 {[%emt 0:00:55]} Nxg4 {[%emt 0:03:52]} 42. Bxg4 {[%emt 0:01:49]} Rxf4+ {[%emt 0:00:25]} 43. Kb5 {[%emt 0:00:06]} Rxg4 {[%emt 0:00:09]} 44. Rf3 {[%emt 0:00:26]} Re4 {[%emt 0:01:25]} 45. Ka6 {[%emt 0:00:27]} Ke8 {[%emt 0:01:43]} 46. Kb7 {[%emt 0:00:37]} Re7 {[%emt 0:00:09]} 47. Rf4 {[%emt 0:00:28]} g5 {[%emt 0:00:17]} 48. Rxb4 {[%emt 0:00:05]} h5 {[%emt 0:00:50]} 49. Ra4 {[%emt 0:01:52]} g4 {[%emt 0:00:08]} 50. Ra8+ {[%emt 0:00:28]} Kf7 {[%emt 0:00:01]} 51. Rh8 {[%emt 0:00:57]} Kg6 {[%emt 0:01:02]} 52. b4 {[%emt 0:01:11]} Rg7 {[%emt 0:01:29]} 53. Re8 {[%emt 0:04:33]} g3 {[%emt 0:00:19]} 54. b5 {[%emt 0:02:09]} g2 {[%emt 0:00:33]} 55. Re1 {[%emt 0:00:06]} h4 {[%emt 0:00:01]} 56. b6 {[%emt 0:01:16]} cxb6+ {[%emt 0:00:02]} 57. c7 {[%emt 0:01:48]} h3 {[%emt 0:00:19]} 58. Rg1 {[%emt 0:00:42]} Kf6 {[%emt 0:00:13]} 59. Kxb6 {[%emt 0:01:39]} Rxc7 {[%emt 0:00:13]} 0-1

[Event "EYCC 2017"]
[Site "Mamaia"]
[Date "2017.09.08"]
[Round "4"]
[White "Zachary, Matheo"]
[Black "Makarian, Rudik"]
[Result "0-1"]
[WhiteElo "2325"]
[BlackElo "2146"]
[Annotator "NA"]
[PlyCount "102"]
[EventDate "2017.??.??"]
[EventType "swiss"]
[EventCountry "ROU"]
[SourceTitle "playchess.com"]
[Source "ChessBase"]
[SourceQuality "1"]
[TimeControl "40/5400+30:1800+30"]

1. e4 {[%emt 0:00:00]} c5 {[%emt 0:00:04]} 2. Nf3 {[%emt 0:00:00]} e6 {[%emt 0:00:16]} 3. d4 {[%emt 0:00:03]} cxd4 {[%emt 0:01:16]} 4. Nxd4 {[%emt 0:00:06]} Nc6 {[%emt 0:00:11]} 5. Nc3 {[%emt 0:00:51]} Qc7 {[%emt 0:00:20]} 6. Be2 {[%emt 0:00:36]} Nf6 {[%emt 0:00:19]} 7. O-O {[%emt 0:00:41]} Be7 {[%emt 0:00:14]} 8. Kh1 {[%emt 0:02:07]} O-O {[%emt 0:00:39]} 9. f4 {[%emt 0:02:53]} d6 {[%emt 0:00:26]} 10. Be3 {[%emt 0:01:00]} a6 {[%emt 0:00:20]} 11. a4 {[%emt 0:00:29]} Nxd4 {[%emt 0:00:14]} 12. Qxd4 {[%emt 0:02:53]} Bd7 {[%emt 0:00:55]} 13. Bg1 {[%emt 0:03:44]} e5 {[%emt 0:03:11]} 14. Qe3 {[%emt 0:02:58]} exf4 {[%emt 0:06:41]} 15. Rxf4 {[%emt 0:05:13]} Be6 16. Rd1 {[%emt 0:18:47]} Nd7 {[%emt 0:02:36]} 17. Qg3 {[%emt 0:04:20]} Bf6 {[%emt 0:10:13]} 18. Rf3 {[%emt 0:07:12]} Be5 {[%emt 0:00:40]} 19. Qh4 {[%emt 0:01:52]} Rac8 {[%emt 0:07:06]} 20. Rdf1 {[%emt 0:04:05]} Qd8 {[%emt 0:12:23]} 21. Qe1 {[%emt 0:02:40]} Qa5 {[%emt 0:01:56]} 22. Rd3 {[%emt 0:13:13]} Qb4 {[%emt 0:08:03]} 23. Qd2 {[%emt 0:07:10]} Nc5 {[%emt 0:03:40]} 24. Bxc5 {[%emt 0:01:33]} Rxc5 {[%emt 0:00:10]} 25. Nd5 {[%emt 0:02:31]} Qxe4 {[%emt 0:17:16]} 26. Nf4 {[%emt 0:03:04]} Bd7 {[%emt 0:07:21]} 27. b3 {[%emt 0:01:59]} b5 {[%emt 0:02:16]} 28. axb5 axb5 {[%emt 0:00:53]} 29. Bd1 {[%emt 0:04:35]} Re8 {[%emt 0:01:23]} 30. Rdf3 {[%emt 0:00:51]} Qb7 {[%emt 0:01:22]} 31. Nd3 {[%emt 0:00:57]} Rc7 {[%emt 0:05:03]} 32. Rxf7 {[%emt 0:00:46]} Bc6 {[%emt 0:00:27]} 33. Nxe5 {[%emt 0:01:18]} dxe5 {[%emt 0:00:27]} 34. R7f2 {[%emt 0:01:10]} Rce7 {[%emt 0:03:55]} 35. Bh5 {[%emt 0:01:07]} g6 {[%emt 0:00:30]} 36. Bg4 {[%emt 0:00:34]} e4 {[%emt 0:01:12]} 37. Qh6 {[%emt 0:00:28]} Rf7 {[%emt 0:03:28]} 38. Rxf7 {[%emt 0:00:24]} Qxf7 {[%emt 0:00:01]} 39. Rxf7 {[%emt 0:00:09]} Kxf7 {[%emt 0:00:04]} 40. Qxh7+ {[%emt 0:00:00]} Kf6 {[%emt 0:00:05]} 41. Qh4+ {[%emt 0:01:42]} Ke5 {[%emt 0:00:57]} 42. Qg5+ {[%emt 0:00:32]} Kd6 {[%emt 0:00:04]} 43. Qxg6+ {[%emt 0:00:14]} Kc5 {[%emt 0:00:08]} 44. Be2 {[%emt 0:01:02]} Ra8 {[%emt 0:00:53]} 45. h4 {[%emt 0:00:11]} Ra2 {[%emt 0:00:04]} 46. Qg5+ {[%emt 0:00:48]} Kb6 {[%emt 0:00:50]} 47. Qe3+ {[%emt 0:00:04]} Kb7 {[%emt 0:00:06]} 48. c4 {[%emt 0:00:28]} b4 {[%emt 0:00:14]} 49. h5 {[%emt 0:00:07]} Rc2 {[%emt 0:00:06]} 50. h6 {[%emt 0:00:14]} Rc3 {[%emt 0:00:02]} 51. Qc5 {[%emt 0:00:49]} e3 0-1

[Event "EYCC 2017"]
[Site "Mamaia"]
[Date "2017.09.08"]
[Round "4"]
[White "Koziol, Kamil"]
[Black "Santos Ruiz, Miguel"]
[Result "0-1"]
[WhiteElo "2313"]
[BlackElo "2505"]
[Annotator "TA"]
[PlyCount "72"]
[EventDate "2017.??.??"]
[EventType "swiss"]
[EventCountry "ROU"]
[SourceTitle "playchess.com"]
[Source "ChessBase"]
[SourceQuality "1"]

{[%evp 23,72,10,6,-13,-26,-34,-33,-54,-42,-91,-35,-99,-92,-88,-81,-208,-178,-208,-187,-277,-258,-277,-266,-321,-330,-406,-404,-458,-450,-512,-505,-720,-754,-748,-744,-731,-689,-741,-726,-1045,-965,-8043,-7077,-6335,-5972,-1749,-1039,-29972,-29973,-29997,-670]} 1. e4 c5 2. Nf3 d6 3. d4 cxd4 4. Nxd4 Nf6 5. Nc3 a6 6. Bg5 e6 7. f4 h6 8. Bh4 Qb6 9. a3 Be7 {B96: Sicilian Najdorf: 6 Bg5 e6 7 f4, lines other than 7...Qb6 and 7...Be7} 10. Bf2 Qc7 11. Qf3 Nbd7 12. O-O-O b5 {LiveBook: 23 Games} 13. Kb1 $146 ({Find the theoretical novelty and annotate with similar games:} 13. g4 Bb7 14. h4 d5 15. e5 Ne4 16. Rh3 Nxf2 17. Qxf2 {½-½ (43) Caruana,F (2817)-Vachier Lagrave,M (2803) Karlsruhe 2017}) 13... Rb8 14. g4 b4 15. axb4 Rxb4 16. Rg1 g5 (16... Bb7 $17 {White must now prevent ...e5.} 17. Qe3 e5) 17. h4 ({White should try} 17. Na2 $1 $15 Rb8 18. Nb3) 17... gxf4 $17 {...Ne5 is the strong threat.} 18. Na2 Rb8 $1 19. b3 (19. Nb3 $17) 19... Bb7 $36 {[%mdl 2048] White is under strong pressure.} 20. Bd3 Ne5 $1 {[%cal Re5f3]} 21. Qxf4 (21. Qe2 {is a better defense.}) 21... Nxd3 $19 22. cxd3 {[#]} e5 $1 {[%cal Re5f4]} 23. Qf3 {[#]} Qb6 $1 ({Inferior is} 23... exd4 24. Bxd4 Nxe4 25. dxe4 $11) 24. g5 hxg5 (24... exd4 25. gxf6 Bc8 26. Ka1 $17) 25. hxg5 Nd7 (25... exd4 26. gxf6 Bc8 27. b4 $17) 26. g6 fxg6 27. Nc6 Qxb3+ 28. Ka1 Bxc6 {[%csl Gb8][%cal Rb3b2]} 29. Rb1 Qf7 30. Rxb8+ Nxb8 31. Qe3 Rh2 {And now ...Bh4 would win.} 32. Rf1 Bh4 33. Qb6 Rxf2 {[%csl Gf2][%cal Rf7a2]} 34. Qxb8+ Kd7 {[%csl Gf2][%cal Rf7a2]} 35. Rxf2 Bxf2 36. Nb4 Bd4+ {Precision: White = 16%, Black = 87%.} 0-1

[Event "EYCC 2017"]
[Site "Mamaia"]
[Date "2017.09.08"]
[Round "4"]
[White "Bronstein, Or"]
[Black "Fakhrutdinov, Timur"]
[Result "0-1"]
[WhiteElo "2308"]
[BlackElo "2441"]
[Annotator "TA"]
[PlyCount "84"]
[EventDate "2017.??.??"]
[EventType "swiss"]
[EventCountry "ROU"]
[SourceTitle "playchess.com"]
[Source "ChessBase"]
[SourceQuality "1"]

{[%evp 21,84,-83,0,0,-20,-15,-21,-15,0,-26,-25,-24,-5,-2,0,0,0,0,29,0,6,6,7,0,22,24,39,38,45,50,43,50,37,-20,62,20,33,15,16,10,129,45,28,-175,-159,-501,-508,-489,-464,-484,-443,-744,-672,-684,-678,-808,-752,-826,-752,-2127,-2092,-1990,-1989,-1888,-1860]} 1. d4 Nf6 2. c4 e6 3. Nf3 d5 4. Nc3 dxc4 5. e3 a6 6. Bxc4 b5 7. Bd3 Bb7 8. O-O Nbd7 9. Qe2 c5 10. Rd1 Qb8 11. a4 {D48: Semi-Slav: Meran System: 7...b5 8 Bd3 a6} (11. h3 Be7 12. b3 O-O 13. Bb2 cxd4 14. Nxd4 Ne5 15. Bc2 Bc5 16. Rac1 Rd8 17. Bb1 Bxd4 18. Rxd4 Rxd4 19. exd4 {0-1 (40) Ikonnikov,V (2550)-Van Wely,L (2689) Spijkenisse 2011}) 11... b4 {LiveBook: 3 Games} (11... c4 $1 $17 {[%cal Rc4d3]} 12. Bb1 b4) 12. Nb1 $1 $11 Bd6 13. Nbd2 {The position is equal.} O-O 14. h3 a5 $146 ({Predecessor:} 14... Rd8 15. Nc4 Bc7 16. e4 cxd4 17. Nxd4 Ne5 18. Nxe5 Bxe5 {½-½ (60) Razin,V (2374)-Vusatiuk,V (2344) Lutsk 2017}) 15. Re1 cxd4 16. exd4 Bf4 17. Nc4 Bd5 18. Nfe5 Bxc1 19. Raxc1 Nxe5 20. Nxe5 Qb6 21. Rc5 Qd6 22. Qc2 g6 23. Bb5 Bb7 24. Bc6 Bxc6 25. Nxc6 Ra6 26. Nxa5 Rfa8 27. Nb7 (27. Rc8+ $14 Kg7 28. Rxa8 Rxa8 29. Nc4 Qxd4 30. Rd1) 27... Qxd4 ({Better is} 27... Qb8 $11 28. Rc7 Kg7) 28. Rc4 Qd5 29. Rxb4 Rc6 30. Qe2 Rc7 (30... Qd7 $11 {remains equal.}) 31. Rd1 (31. Rb5 $1 $16 {[%cal Rb5d5]} Qd4 32. a5) 31... Qc6 $14 {Hoping for ...Nd5.} 32. Nd6 $2 (32. Nd8 $11 {and White stays safe.} Qc5 33. Rbd4) 32... Nd5 $36 {[%mdl 2048] Black is really pushing.} 33. Ne4 $2 (33. Rxd5 $17 {nothing else works.} Qxd5 34. Nc4) 33... Nxb4 {Black is clearly winning.} 34. Nf6+ {[#]} Kf8 $1 35. Qe5 {[#]} Nd5 $1 36. Ng4 (36. Nxd5 $142 exd5 37. Qh8+ Ke7 38. Qe5+ Kd8 39. Rxd5+ Rd7 40. Qh8+ Ke7 41. Re5+ Kd6 42. Qf6+ Kc7 43. Qf4) 36... Rxa4 37. Qh8+ Ke7 38. Nh6 Qe8 39. Ng8+ Kd6 40. Rxd5+ exd5 41. Qf6+ Qe6 42. Qd8+ Kc6 {Precision: White = 40%, Black = 32%.} 0-1

[Event "EYCC 2017"]
[Site "Mamaia"]
[Date "2017.09.08"]
[Round "4"]
[White "Szpar, Milosz"]
[Black "Gaifullin, Artur"]
[Result "1-0"]
[WhiteElo "2308"]
[BlackElo "2413"]
[Annotator "TA"]
[PlyCount "57"]
[EventDate "2017.??.??"]
[EventType "swiss"]
[EventCountry "ROU"]
[SourceTitle "playchess.com"]
[Source "ChessBase"]
[SourceQuality "1"]

{[%evp 18,57,42,45,56,44,36,19,35,-6,48,42,81,76,273,284,277,279,400,380,399,374,394,376,632,631,608,509,658,676,835,839,822,777,1608,1431,29983,29984,29984,29985,29997,29998]} 1. e4 g6 2. d4 Bg7 3. Nc3 d6 4. Be3 a6 5. Qd2 Nd7 6. O-O-O b5 7. h4 {B06: Modern Defence} h5 (7... h6 8. f4 h5 9. Nf3 Nb6 10. Ng5 d5 11. Bd3 Nh6 12. e5 Bg4 13. e6 f5 14. Rde1 Qd6 {0-1 (50) Almasi,Z (2695)-Rapport,R (2720) Germany 2015}) 8. f3 Bb7 9. Nh3 Rc8 10. Ng5 {LiveBook: 29 Games} c5 11. dxc5 (11. e5 $5 {[%cal Re5e6]} cxd4 12. e6 fxe6 13. Bxd4 $14 (13. Nxe6 $2 dxc3 14. Qe1 Qa5 $19)) 11... Nxc5 12. Kb1 Nd7 13. Bd4 Ngf6 (13... Bxd4 $11 14. Qxd4 Ngf6) 14. a3 O-O $146 ({Predecessor:} 14... Qa5 15. f4 {0-1 (36) Kopylov,D (1937)-Beeck,M (2150) Lueneburg 2015}) 15. g4 Ne5 $2 (15... hxg4 $16 {is a better defense.} 16. fxg4 Bh6) 16. gxh5 $18 Nxh5 {[#]} 17. f4 $1 Ng3 (17... Bf6 $142 18. fxe5 dxe5) 18. Qg2 ({Not} 18. fxe5 dxe5 19. Qe1 Nxh1 $16) 18... Nxh1 19. fxe5 dxe5 20. Be3 Qa5 $2 (20... Qe8 21. Qxh1 Bh6) 21. Qxh1 Rxc3 22. bxc3 {h5 is the strong threat.} Qxc3 23. h5 {[%cal Bh4h5,Bh5g6][%mdl 32] And now hxg6 would win.} Rc8 24. Bd3 {Black must now prevent hxg6.} b4 25. axb4 {[%cal Ba3b4,Bb4c5][%mdl 32]} Bd5 26. hxg6 ({Wrong is} 26. Bd2 $2 Qa3 $19) 26... Bb3 27. Bc5 {White mates.} Rxc5 28. bxc5 f6 {[#]} 29. Bc4+ $1 {Precision: White = 89%, Black = 48%.} 1-0

[Event "EYCC 2017"]
[Site "Mamaia"]
[Date "2017.09.08"]
[Round "4"]
[White "Maltsevskaya, Aleksandra"]
[Black "Kostecka, Marika"]
[Result "1-0"]
[WhiteElo "2271"]
[BlackElo "1811"]
[Annotator "NA"]
[PlyCount "63"]
[EventDate "2017.??.??"]
[EventType "swiss"]
[EventCountry "ROU"]
[SourceTitle "playchess.com"]
[Source "ChessBase"]
[SourceQuality "1"]
[TimeControl "40/5400+30:1800+30"]

1. e4 {[%emt 0:00:00]} c5 {[%emt 0:00:08]} 2. Nf3 {[%emt 0:00:00]} d6 {[%emt 0:00:13]} 3. d4 {[%emt 0:00:00]} cxd4 {[%emt 0:00:15]} 4. Nxd4 {[%emt 0:00:00]} Nf6 {[%emt 0:00:12]} 5. Nc3 {[%emt 0:00:03]} a6 {[%emt 0:00:09]} 6. h3 {[%emt 0:00:10]} e5 {[%emt 0:01:20]} 7. Nde2 {[%emt 0:01:14]} h5 {[%emt 0:00:24]} 8. Bg5 {[%emt 0:00:08]} Be6 {[%emt 0:00:42]} 9. g3 {[%emt 0:00:28]} Nbd7 {[%emt 0:05:26]} 10. Bg2 {[%emt 0:01:18]} Be7 {[%emt 0:12:00]} 11. O-O {[%emt 0:02:39]} O-O {[%emt 0:20:22]} 12. a4 {[%emt 0:00:59]} Re8 {[%emt 0:04:33]} 13. Qd2 {[%emt 0:04:06]} Nf8 {[%emt 0:07:23]} 14. Rad1 {[%emt 0:04:14]} Qd7 {[%emt 0:04:26]} 15. Kh2 {[%emt 0:13:11]} N8h7 {[%emt 0:06:15]} 16. Be3 {[%emt 0:03:40]} h4 {[%emt 0:03:06]} 17. gxh4 {[%emt 0:03:26]} Nh5 {[%emt 0:03:19]} 18. Ng3 {[%emt 0:00:35]} N7f6 {[%emt 0:13:52]} 19. b3 {[%emt 0:14:50]} g6 {[%emt 0:05:09]} 20. a5 {[%emt 0:05:12]} Qc6 {[%emt 0:07:39]} 21. Nce2 {[%emt 0:04:59]} Ng7 {[%emt 0:00:35]} 22. c4 {[%emt 0:01:38]} Nfh5 {[%emt 0:00:37]} 23. Nxh5 {[%emt 0:02:30]} Nxh5 {[%emt 0:00:07]} 24. Ng3 {[%emt 0:00:05]} Ng7 {[%emt 0:02:13]} 25. h5 {[%emt 0:00:28]} gxh5 {[%emt 0:00:13]} 26. Rg1 {[%emt 0:01:27]} Kh7 {[%emt 0:00:37]} 27. Nf5 {[%emt 0:04:01]} Bxf5 {[%emt 0:00:20]} 28. exf5 {[%emt 0:00:06]} Qd7 {[%emt 0:00:05]} 29. Be4 {[%emt 0:00:14]} Kh8 {[%emt 0:01:23]} 30. Rxg7 {[%emt 0:00:20]} Kxg7 {[%emt 0:00:12]} 31. Rg1+ {[%emt 0:00:07]} Kh8 {[%emt 0:00:16]} 32. Qe2 {[%emt 0:00:09]} 1-0